000 00704nam a2200217 u 4500
005 20260327064208.0
008 090608s2005 r 000 0 eng d
020 _a9806406583
035 _aUPN01000171067
049 _aI
050 4 _aPZ76.3
_bG3.32
100 1 _aGarmendia, Salvador,
_d1928-2001
_936360
245 1 0 _aGalileo en su reino /
_cSalvador Garmendia ; il. Víctor Hugo Irazábal, Márvic Ruiz.
260 _aCaracas :
_bRayuela,
_c2005.
300 _a[30] p. :
_bprincipalmente il. col.
440 0 _aNarrativa infantil
650 4 _aGatos
_vCuentos y leyendas
_911010
650 4 _aCuentos infantiles venezolanos
_910764
700 1 _aIrazábal, Víctor Hugo,
_eil.
901 _aLibro
999 _c143172
_d143172